Rock and the River (Record no. 3629)

MARC details
000 -LEADER
fixed length control field 00630nam a2200241 a 4500
020 ## - INTERNATIONAL STANDARD BOOK NUMBER
ISBN
082 00 - DEWEY DECIMAL CLASSIFICATION NUMBER
Classification number 261.8
Author Cutter THO
100 ## - MAIN ENTRY--AUTHOR NAME
Author name Thornton, Martin
245 ## - TITLE STATEMENT
Title Rock and the River
Sub title an Encounter Between Traditional Spirituality & Mod
260 ## - PUBLICATION, DISTRIBUTION, ETC. (IMPRINT)
Place of publication Great Britain
Name of publisher Hodder and Stoughton
Year of publication 1965
300 ## - PHYSICAL DESCRIPTION
Number of Pages 158p
500 ## - GENERAL NOTE
General note includes index and biblioraphy
505 2# - FORMATTED CONTENTS NOTE
Formatted contents note Index.
650 ## - SUBJECT ADDED ENTRY--TOPICAL TERM
Topical Term Theology-Social
942 ## - ADDED ENTRY ELEMENTS (KOHA)
Koha item type Books
700 1# -
-- Thornton, Martin
Holdings
Collection code Home library Current library Date acquired Cost, normal purchase price Full call number Accession Number Koha item type
  Henry Martyn Institute Library Henry Martyn Institute Library 07/10/2007 100.00 261.8 THO 09131 Books
                   Copyright © 2026 | Henry Martyn Institute | Hyderabad | TS-500052 | INDIA | Implemented by hmi.edu.in
Hit-Count:

Powered by Koha